[Event "19. Ciudad de Pamplona - Magistral"]
[Site "Pamplona ESP"]
[Date "2009.12.21"]
[Round "1.2"]
[White "Lopez Martinez, Josep Manuel"]
[Black "Alsina Leal, Daniel"]
[Result "1/2-1/2"]
[WhiteElo "2589"]
[BlackElo "2523"]
[PlyCount "79"]
[EventDate "2009.12.21"]
[EventType "tourn"]
[EventRounds "9"]
[EventCountry "ESP"]
[EventCategory "13"]
[Source "lmi"]
[SourceDate "2009.12.21"]

1. e4 c5 2. Nf3 Nc6 3. d4 cxd4 4. Nxd4 Nf6 5. Nc3 e5 6. Ndb5 d6 7. Bg5 a6 8.
Na3 b5 9. Nd5 Be7 10. Bxf6 Bxf6 11. c4 b4 12. Nc2 O-O 13. Be2 a5 14. O-O Bg5
15. Qd3 Be6 16. Rad1 Bxd5 17. Qxd5 Qb6 18. Rd3 Rad8 19. g3 g6 20. Qb5 Qc7 21.
h4 Bh6 22. Rfd1 Bg7 23. c5 Nd4 24. Nxd4 exd4 25. c6 Rfe8 26. Bg4 Rxe4 27. Bd7
Re7 28. a3 Rb8 29. Qd5 Re5 30. Qa2 Rc5 31. Rb3 d5 32. axb4 axb4 33. Ra1 Qe5 34.
Qa7 Rc2 35. Rf3 Rf8 36. Rf1 Qe4 37. Rb3 d3 38. Qe3 Qxe3 39. fxe3 d2 40. Rxb4
1/2-1/2

[Event "19. Ciudad de Pamplona - Magistral"]
[Site "Pamplona ESP"]
[Date "2009.12.23"]
[Round "3.4"]
[White "Recuero Guerra, David"]
[Black "Reinaldo Castiñeira, Roi"]
[Result "1/2-1/2"]
[WhiteElo "2494"]
[BlackElo "2488"]
[PlyCount "32"]
[EventDate "2009.12.21"]
[EventType "tourn"]
[EventRounds "9"]
[EventCountry "ESP"]
[EventCategory "13"]
[Source "lmi"]
[SourceDate "2009.12.21"]

1. e4 e6 2. d4 d5 3. exd5 exd5 4. Nf3 Nf6 5. Bf4 Bf5 6. Bd3 Bxd3 7. Qxd3 c6 8.
c3 Be7 9. O-O O-O 10. Nbd2 Bd6 11. Bxd6 Qxd6 12. Rfe1 Nbd7 13. Re2 Rfe8 14.
Rae1 Rxe2 15. Rxe2 Re8 16. Rxe8+ Nxe8 1/2-1/2

[Event "19. Ciudad de Pamplona - Magistral"]
[Site "Pamplona ESP"]
[Date "2009.12.27"]
[Round "7.3"]
[White "Mirzoev, Azer"]
[Black "Lopez Martinez, Josep Manuel"]
[Result "1/2-1/2"]
[WhiteElo "2617"]
[BlackElo "2589"]
[PlyCount "26"]
[EventDate "2009.12.21"]
[EventType "tourn"]
[EventRounds "9"]
[EventCountry "ESP"]
[EventCategory "13"]
[Source "lmi"]
[SourceDate "2009.12.21"]

1. Nf3 Nf6 2. b4 e6 3. a3 c6 4. e3 d5 5. Bb2 Nbd7 6. c4 Bd6 7. d4 O-O 8. Nbd2
Qe7 9. Qc2 e5 10. cxd5 cxd5 11. dxe5 Nxe5 12. Be2 Bg4 13. O-O Rac8 1/2-1/2

[Event "19. Ciudad de Pamplona - Magistral"]
[Site "Pamplona ESP"]
[Date "2009.12.29"]
[Round "9.2"]
[White "Mirzoev, Azer"]
[Black "Laznicka, Viktor"]
[Result "1/2-1/2"]
[WhiteElo "2617"]
[BlackElo "2637"]
[PlyCount "70"]
[EventDate "2009.12.21"]
[EventType "tourn"]
[EventRounds "9"]
[EventCountry "ESP"]
[EventCategory "13"]
[Source "lmi"]
[SourceDate "2009.12.21"]

1. d4 d5 2. Nf3 Nf6 3. c4 c6 4. e3 a6 5. Nc3 b5 6. b3 Bg4 7. h3 Bxf3 8. Qxf3 e6
9. Bd2 Bb4 10. Qd1 O-O 11. Rc1 bxc4 12. bxc4 c5 13. cxd5 cxd4 14. exd4 Bxc3 15.
Bxc3 Qxd5 16. Be2 Qxa2 17. Ra1 Qd5 18. Bf3 Ne4 19. O-O Nc6 20. Qd3 f5 21. Rfe1
Ne5 22. Bxe4 Nxd3 23. Bxd5 exd5 24. Re3 Nf4 25. Bd2 Ng6 26. Ra5 Rfd8 27. Re6
Kf7 28. Rexa6 Rxa6 29. Rxa6 Rc8 30. Ra7+ Kf6 31. Rd7 Rc2 32. Bb4 Nf4 33. Rd6+
Kf7 34. Rd7+ Kf6 35. Rd6+ Kf7 1/2-1/2

[Event "19. Ciudad de Pamplona - Magistral"]
[Site "Pamplona ESP"]
[Date "2009.12.29"]
[Round "9.4"]
[White "Reinaldo Castiñeira, Roi"]
[Black "Lopez Martinez, Josep Manuel"]
[Result "1-0"]
[WhiteElo "2488"]
[BlackElo "2589"]
[PlyCount "119"]
[EventDate "2009.12.21"]
[EventType "tourn"]
[EventRounds "9"]
[EventCountry "ESP"]
[EventCategory "13"]
[Source "lmi"]
[SourceDate "2009.12.21"]

1. e4 c5 2. Nc3 a6 3. Nge2 d6 4. g3 b5 5. Bg2 Bb7 6. d4 cxd4 7. Nxd4 Nf6 8. O-O
Nbd7 9. Re1 e5 10. Nf5 Qc7 11. a3 g6 12. Nh6 Nb6 13. Qf3 Bg7 14. Bg5 Ng8 15.
Nxg8 Rxg8 16. Rad1 f6 17. Be3 Nc4 18. Bc1 Nb6 19. Be3 Nc4 20. Bc1 Nb6 21. Rd3
Ke7 22. b3 Rgd8 23. Be3 Nd7 24. Red1 Rac8 25. Bh3 Qxc3 26. Rxc3 Rxc3 27. Qg4
Nf8 28. Qe2 Ne6 29. Bb6 Rdc8 30. Qg4 Nf8 31. Ba5 Rxc2 32. Bb4 R2c6 33. f4 exf4
34. gxf4 Kf7 35. Bxd6 Rc1 36. e5 f5 37. Qe2 Ne6 38. Bf1 Nxf4 39. Qd2 Rxd1 40.
Qxd1 Ke6 41. Qd4 Be4 42. Qb6 Rc1 43. Bc5+ Kd7 44. e6+ Kc8 45. Kf2 Rc2+ 46. Kg1
Rc1 47. Kf2 Bf6 48. Qxa6+ Bb7 49. Qxb5 Bh4+ 50. Ke3 Nd5+ 51. Kd3 Rxf1 52. Qe8+
Kc7 53. Qd7+ Kb8 54. Qe8+ Bc8 55. Bd6+ Kb7 56. Qb5+ Nb6 57. Bc5 Bd8 58. e7 Bd7
59. exd8=N+ Kc8 60. Qxb6 1-0

[Event "19. Ciudad de Pamplona - Magistral"]
[Site "Pamplona ESP"]
[Date "2009.12.29"]
[Round "9.5"]
[White "Alsina Leal, Daniel"]
[Black "Meier, Georg"]
[Result "1/2-1/2"]
[WhiteElo "2523"]
[BlackElo "2653"]
[PlyCount "142"]
[EventDate "2009.12.21"]
[EventType "tourn"]
[EventRounds "9"]
[EventCountry "ESP"]
[EventCategory "13"]
[Source "lmi"]
[SourceDate "2009.12.21"]

1. e4 e6 2. d4 d5 3. Nc3 dxe4 4. Nxe4 Nd7 5. Nf3 Ngf6 6. Nxf6+ Nxf6 7. c3 c5 8.
Ne5 a6 9. Be3 Qc7 10. Qa4+ Nd7 11. Bb5 cxd4 12. Bxd7+ Bxd7 13. Qxd4 Bb5 14. a4
Bd6 15. Nxf7 Kxf7 16. axb5 axb5 17. Ke2 Qc6 18. Rhd1 Rxa1 19. Rxa1 b4 20. Rd1
Rd8 21. Qh4 Be7 22. Qf4+ Kg8 23. Rxd8+ Bxd8 24. Qxb4 Qxg2 25. Qb5 Qc6 26. Qxc6
bxc6 27. Kd3 Kf7 28. Ke4 Bc7 29. h3 Bd6 30. b4 Ke8 31. Bd2 Kd7 32. c4 Be7 33.
b5 cxb5 34. cxb5 Bd6 35. Bc3 g6 36. Be5 Bc5 37. Bg3 Bb6 38. Kd3 Bc5 39. Kc4 Bb6
40. f3 Kc8 41. Bd6 Bf2 42. Bc5 Bg3 43. Be3 Bd6 44. Kd4 Kd7 45. Ke4 Bg3 46. Bf4
Be1 47. Be5 Bd2 48. Bb2 Bh6 49. Bf6 Bc1 50. Be5 Bd2 51. Kd4 Bb4 52. Bb8 Kc8 53.
Ba7 Bd6 54. Bc5 Bg3 55. Bf8 Kc7 56. Bg7 Kb6 57. Kc4 Bd6 58. Bd4+ Kc7 59. Kd3
Kd7 60. Ke4 Bg3 61. Bc5 Kc7 62. Be3 Kd7 63. Bg5 Bd6 64. b6 Kc6 65. Be3 Kb7 66.
Bf4 Bxf4 67. Kxf4 Kxb6 68. Kg5 Kc5 69. Kh6 Kd4 70. Kxh7 Ke3 71. Kxg6 Kxf3
1/2-1/2